<?xml version="1.0" encoding="UTF-8"?><record xmlns="http://www.loc.gov/MARC21/slim" xmlns:zs="http://docs.oasis-open.org/ns/search-ws/sruResponse">
  <leader>04760cam a22004577a 4500</leader>
  <controlfield tag="001">17509059</controlfield>
  <controlfield tag="005">20250607052116.5</controlfield>
  <controlfield tag="008">121025s2013    mdua     b    001 0ceng d</controlfield>
  <datafield ind1=" " ind2=" " tag="035">
    <subfield code="a">17509059</subfield>
  </datafield>
  <datafield ind1=" " ind2=" " tag="906">
    <subfield code="a">7</subfield>
    <subfield code="b">cbc</subfield>
    <subfield code="c">copycat</subfield>
    <subfield code="d">2</subfield>
    <subfield code="e">epcn</subfield>
    <subfield code="f">20</subfield>
    <subfield code="g">y-gencatlg</subfield>
  </datafield>
  <datafield ind1="0" ind2=" " tag="925">
    <subfield code="a">acquire</subfield>
    <subfield code="b">1 shelf copy</subfield>
    <subfield code="x">policy default</subfield>
  </datafield>
  <datafield ind1="1" ind2=" " tag="925">
    <subfield code="a">acquire</subfield>
    <subfield code="b">2 shelf copies</subfield>
    <subfield code="x">policy default</subfield>
  </datafield>
  <datafield ind1=" " ind2=" " tag="955">
    <subfield code="b">rl09 2014-01-29 z-processor</subfield>
    <subfield code="i">rl09 2014-01-29 ; to BCCD</subfield>
    <subfield code="t">xk02 2014-03-13 copy 2 added</subfield>
    <subfield code="a">xk02 2014-03-13, c. 3 to discard</subfield>
  </datafield>
  <datafield ind1=" " ind2=" " tag="955">
    <subfield code="a">pc24 2012-10-25</subfield>
  </datafield>
  <datafield ind1=" " ind2=" " tag="955">
    <subfield code="a">LCAP batch update 2025-06-02-04:00: LCAPM-644</subfield>
  </datafield>
  <datafield ind1=" " ind2=" " tag="010">
    <subfield code="a">  2012952642</subfield>
  </datafield>
  <datafield ind1=" " ind2=" " tag="020">
    <subfield code="a">9780761860556</subfield>
    <subfield code="q">pbk. : alk. paper</subfield>
  </datafield>
  <datafield ind1=" " ind2=" " tag="020">
    <subfield code="a">076186055X</subfield>
    <subfield code="q">pbk. : alk. paper</subfield>
  </datafield>
  <datafield ind1=" " ind2=" " tag="035">
    <subfield code="a">(OCoLC)816563950</subfield>
  </datafield>
  <datafield ind1=" " ind2=" " tag="040">
    <subfield code="a">YDXCP</subfield>
    <subfield code="c">YDXCP</subfield>
    <subfield code="d">BTCTA</subfield>
    <subfield code="d">OCLCQ</subfield>
    <subfield code="d">BDX</subfield>
    <subfield code="d">BWX</subfield>
    <subfield code="d">UAB</subfield>
    <subfield code="d">CDX</subfield>
    <subfield code="d">AMH</subfield>
    <subfield code="d">ZCU</subfield>
    <subfield code="d">OBE</subfield>
    <subfield code="d">IAD</subfield>
    <subfield code="d">OCLCF</subfield>
    <subfield code="d">DLC</subfield>
  </datafield>
  <datafield ind1=" " ind2=" " tag="042">
    <subfield code="a">lccopycat</subfield>
  </datafield>
  <datafield ind1="0" ind2="0" tag="050">
    <subfield code="a">QD24.A2</subfield>
    <subfield code="b">G67 2013</subfield>
  </datafield>
  <datafield ind1="0" ind2="4" tag="082">
    <subfield code="a">540.92/52</subfield>
    <subfield code="2">23</subfield>
  </datafield>
  <datafield ind1="1" ind2=" " tag="100">
    <subfield code="a">Gordon, Robin L.</subfield>
  </datafield>
  <datafield ind1="1" ind2="0" tag="245">
    <subfield code="a">Searching for the soror mystica :</subfield>
    <subfield code="b">the lives and science of women alchemists /</subfield>
    <subfield code="c">Robin L. Gordon.</subfield>
  </datafield>
  <datafield ind1=" " ind2=" " tag="260">
    <subfield code="a">Lanham, Md. :</subfield>
    <subfield code="b">University Press of America,</subfield>
    <subfield code="c">c2013.</subfield>
  </datafield>
  <datafield ind1=" " ind2=" " tag="300">
    <subfield code="a">xiii, 213 p. :</subfield>
    <subfield code="b">ill. ;</subfield>
    <subfield code="c">23 cm.</subfield>
  </datafield>
  <datafield ind1=" " ind2=" " tag="336">
    <subfield code="a">text</subfield>
    <subfield code="b">txt</subfield>
    <subfield code="2">rdacontent</subfield>
  </datafield>
  <datafield ind1=" " ind2=" " tag="337">
    <subfield code="a">unmediated</subfield>
    <subfield code="b">n</subfield>
    <subfield code="2">rdamedia</subfield>
  </datafield>
  <datafield ind1=" " ind2=" " tag="338">
    <subfield code="a">volume</subfield>
    <subfield code="b">nc</subfield>
    <subfield code="2">rdacarrier</subfield>
  </datafield>
  <datafield ind1=" " ind2=" " tag="500">
    <subfield code="a">"Foreword by Gloria Feman Orenstein"--Cover.</subfield>
  </datafield>
  <datafield ind1=" " ind2=" " tag="504">
    <subfield code="a">Includes bibliographical references (p. [199]-208) and index.</subfield>
  </datafield>
  <datafield ind1="0" ind2=" " tag="505">
    <subfield code="a">Introduction : who are the women alchemists? -- Alchemy 101 : connecting an ancient tradition to modern thinking -- The feminine presence in the magnum opus -- Alchemy, daemons, and lovers -- Healers extraordinaire : seventeenth century alchemical sisters and their recipe books -- The natural philosophers -- Alchemy, kabbalah and the apocalypse -- Emerging themes from the work of the women alchemists.</subfield>
  </datafield>
  <datafield ind1="0" ind2=" " tag="505">
    <subfield code="a">Introduction: Who Are the Women Alchemists? -- Alchemy 101: Connecting an Ancient Tradition to Modern Thinking -- The Feminine Presence in the Magnum Opus. Maria Hebraea: Inventor ; Hypatia of Alexandria: Her Experience of Mortificatio -- Alchemy, Daemons, and Lovers. Sophie Brahe: Carrier of Sulphur ; Anna Maria Zieglerin and Her Daemon ; Susanne Katharina von Klettenberg: Goethe's Teacher and Maggid -- Healers Extraordinaire: Seventeenth Century Alchemical Sisters and Their Recipe Books. Marie Meurdrac: La Chymie ; Isabella Cortese and Her Secrets ; Alathea Talbot, Countess of Arundel: Natura Exentera ; Lady Katherine Jones née Boyle, Viscountess Ranelagh: A Force of Her Own ; Elizabeth Grey, Countess of Kent: Is it Alchemy or Not? ; Comparing the Women Alchemists' Recipe Books with More Traditional Examples of the Genre: Mappae Clavicula, Giambattista Della Porta, Hannah Wooley, Diana Astry, William Lovell, and Robert Boyle -- The Natural Philosophers. Margaret and Anne Clifford: The Alchemist and the Diarist ; Biographical Notes about Mother and Daughter ; Mary Sidney Herbert, Countess of Pembroke: In the Sidney Circle ; Anne Conway: Prima Materia and Consciousness ; Margaret Cavendish, Duchess of Newcastle: A Genuine Borderlander -- Alchemy, Kabbalah and the Apocalypse. Dorothy Moore: Seventeenth Century Feminist ; Katherine Boyle, the Hartlib Circle, and the Royal Society ; The Millenarian Movement ; Placing the Millenarian Movement in a Depth Psychological Perspective -- Emerging Themes from the Work of the Women Alchemists. One More Look at the Scientific Revolution and the Mind-Matter Split ; The Women Alchemists' Path Toward Separatio ; Mary Anne Atwood: In Between ; Closing the Circle: Coniunctio, Mystic Sisters and The Chrysopeia of Mary the Jewess ; Conclusion: Finis Coronat Opus.</subfield>
  </datafield>
  <datafield ind1=" " ind2=" " tag="520">
    <subfield code="a">"Early scientists, or natural philosophers as they were known, did not seek knowledge in the disconnected way modern academics tend to do. They were interested in how the universe worked, which meant studying everything from astrology and physics to Jewish mysticism and the Christian Bible. They constructed connections that the modern thinker might overlook or even dismiss as preposterous. In this book, Robin L. Gordon explores the lives and alchemical practice of a number of remarkable women. Searching for the Soror Mystica touches upon the history of science, biography, classical Jungian psychology, women's studies, theology, and a dash of the occult sciences. Readers will encounter sixteenth to seventeenth century politics, religion, scientific inquiries, medical discoveries, and even the way love can result in some misguided choices."--Publisher description.</subfield>
  </datafield>
  <datafield ind1=" " ind2="0" tag="650">
    <subfield code="a">Alchemists.</subfield>
  </datafield>
  <datafield ind1=" " ind2="0" tag="650">
    <subfield code="a">Women in chemistry.</subfield>
  </datafield>
  <datafield ind1=" " ind2="0" tag="650">
    <subfield code="a">Alchemy.</subfield>
  </datafield>
  <datafield ind1=" " ind2="7" tag="650">
    <subfield code="a">Alchemists.</subfield>
    <subfield code="2">fast</subfield>
  </datafield>
  <datafield ind1=" " ind2="7" tag="650">
    <subfield code="a">Alchemy.</subfield>
    <subfield code="2">fast</subfield>
  </datafield>
  <datafield ind1=" " ind2="7" tag="650">
    <subfield code="a">Women in chemistry.</subfield>
    <subfield code="2">fast</subfield>
  </datafield>
</record>
